| 000 | 00808nam a22002657a 4500 | ||
|---|---|---|---|
| 999 |
_c5013 _d5013 |
||
| 001 | 11463 | ||
| 003 | BD-DhUAP | ||
| 005 | 20201126153004.0 | ||
| 008 | 201126s2000 phia b 001 0 eng d | ||
| 020 | _a0781724139 | ||
| 040 |
_aDNLM/DLC _cDLC _dBD-DhUAP _bEng |
||
| 082 | 0 | 0 |
_223 _a615.1 MYC |
| 100 | _aMycek, Mary J. | ||
| 245 |
_aPharmacology / _cMary J. Mycek, Richard A. Harvey and Pamela C. Champe. |
||
| 250 | _a2nd ed. | ||
| 260 |
_aPhiladelphia : _bLippincott Williams & Wilkins, _cc2000. |
||
| 300 |
_axii, 514 pages : _billustrations ; _c28 cm. |
||
| 490 | _aLippincott's illustrated reviews. | ||
| 500 | _aIncludes index. | ||
| 650 | _aPharmacology. | ||
| 700 | _aHarvey, Richard A. | ||
| 700 | _aChampe, Pamela C. | ||
| 942 | 0 | 0 |
_01 _2ddc _cBK |